00466nam a22001577a 4500003000500000005001700005008004100022020001800063040000600081082001600087100003800103245009500141260003300236300001500269650002400284CEME20210628203148.0210203b xxu||||| |||| 00| 0 eng d a9780470051368 c. a333.792 HER aHerbst, Alan M , Hopley, George W aNuclear energy now , why the time has come for the worlds most misunderstood energy source aUSAbJOHN WILEY & SONSc2007 aXXIV, 230P a1- NUCLEAR INDUSTRY